Statistics for Countries by Origin Countries - 90 Seconds

Click here to take the quiz!

General Stats

  • This quiz has been taken 1,216 times
  • The average score is 151 of 182

Answers on the Map

Answers color-coded by a green-red scale on the quiz's map according to % correct below.
 

Answer Stats

Country% Correct
UKBahamas
99%
UKBelize
99%
UK/FranceVanuatu
99%
UKAntigua and Barbuda
98%
UKAustralia
98%
UKBahrain
98%
UKBarbados
98%
UKBotswana
98%
UKBrunei
98%
UKCanada
98%
UKCyprus
98%
UKDominica
98%
UKEgypt
98%
UKFiji
98%
UKGambia
98%
UKGhana
98%
UKGrenada
98%
UKGuyana
98%
UKIndia
98%
UKIraq
98%
UKIreland
98%
UKIsrael
98%
UKJamaica
98%
UKJordan
98%
UKKenya
98%
UKKiribati
98%
UKKuwait
98%
UKLesotho
98%
UKMalawi
98%
UKMalaysia
98%
UKMaldives
98%
UKMalta
98%
FranceMauritius
98%
UKMyanmar
98%
UKNew Zealand
98%
UKNigeria
98%
UKOman
98%
UKPakistan
98%
UKQatar
98%
BelgiumRwanda
98%
UKSaint Kitts and Nevis
98%
UKSaint Lucia
98%
UKSaint Vincent and the
Grenadines
98%
UKSeychelles
98%
UKSierra Leone
98%
UKSingapore
98%
UKSolomon Islands
98%
ItalySomalia
98%
UKSouth Africa
98%
UKSri Lanka
98%
UKSudan
98%
UKSwaziland
98%
UKTanzania
98%
UKTonga
98%
UKTrinidad and Tobago
98%
UKTuvalu
98%
UKUganda
98%
UKUnited Arab Emirates
98%
UKUnited States
98%
UKYemen
98%
UKZambia
98%
UKZimbabwe
98%
SpainArgentina
97%
SpainBolivia
97%
SpainChile
97%
SpainDominican Republic
97%
SpainEquatorial Guinea
97%
SpainMexico
97%
SpainParaguay
97%
SpainPeru
97%
SpainUruguay
97%
FranceAlgeria
96%
FranceAndorra
96%
FranceBenin
96%
FranceBurkina Faso
96%
FranceCambodia
96%
FranceCameroon
96%
FranceCentral African Republic
96%
FranceChad
96%
FranceComoros
96%
FranceDjibouti
96%
FranceGabon
96%
FranceGuinea
96%
FranceHaiti
96%
FranceIvory Coast
96%
FranceLaos
96%
FranceLebanon
96%
FranceMadagascar
96%
FranceMali
96%
FranceMauritania
96%
FranceMorocco
96%
FranceNiger
96%
FranceRepublic of the Congo
96%
FranceSenegal
96%
FranceSyria
96%
FranceTogo
96%
FranceTunisia
96%
FranceVietnam
96%
PortugalAngola
94%
USSRArmenia
94%
USSRAzerbaijan
94%
USSRBelarus
94%
PortugalBrazil
94%
PortugalCape Verde
94%
USSREstonia
94%
RussiaFinland
94%
USSRGeorgia
94%
PortugalGuinea-Bissau
94%
USSR'Kazakhstan
94%
USSRKyrgyzstan
94%
USSRLatvia
94%
USSRLithuania
94%
USSRMoldova
94%
PortugalMozambique
94%
USSRRomania
94%
PortugalSão Tomé and Príncipe
94%
USSRTajikistan
94%
USSRTurkmenistan
94%
USSRUkraine
94%
USSRUzbekistan
94%
ChinaMongolia
92%
ChinaTaiwan
92%
GermanyAustria
87%
GermanyBelgium
87%
DenmarkDenmark
87%
GermanyFrance
87%
GermanyHungary
87%
GermanyLuxembourg
87%
GermanyMonaco
87%
GermanyNetherlands
87%
GermanyPoland
87%
SwedenNorway
83%
ItalyEthiopia
82%
ItalyLibya
82%
NetherlandsIndonesia
79%
NetherlandsSuriname
79%
United StatesCuba
75%
United StatesFederated States of
Micronesia
75%
United StatesMarshall Islands
75%
United StatesPalau
75%
United StatesPhilippines
75%
JapanThailand
75%
OttomanAlbania
73%
OttomanBulgaria
73%
OttomanGreece
73%
BelgiumBurundi
72%
BelgiumDemocratic Republic
of the Congo
72%
OttomanTurkey
72%
DenmarkIceland
68%
DenmarkSweden
68%
ColombiaColombia
53%
ColombiaEcuador
53%
ColombiaPanama
53%
ColombiaVenezuela
53%
YugoslaviaBosnia and
Herzegovina
51%
YugoslaviaCroatia
51%
YugoslaviaMacedonia
51%
YugoslaviaSerbia
51%
YugoslaviaSlovenia
51%
SudanSouth Sudan
44%
CzechoslovakiaCzech Republic
38%
CzechoslovakiaSlovakia
38%
KoreaNorth Korea
37%
KoreaSouth Korea
37%
South AfricaNamibia
36%
AustraliaNauru
35%
AustraliaPapua New Guinea
35%
EthiopiaEritrea
34%
MongolChina
33%
PakistanBangladesh
32%
SerbiaKosovo
26%
SerbiaMontenegro
26%
IndonesiaEast Timor
24%
Central AmericaCosta Rica
11%
Central AmericaEl Salvador
11%
Central AmericaGuatemala
11%
Central AmericaHonduras
11%
Central AmericaNicaragua
11%
PersiaAfghanistan
10%
Holy Roman EmpireSwitzerland
9%
New ZealandSamoa
7%
BavariaLiechtenstein
0%

Score Distribution

Percentile by Number Answered

Percent of People with Each Score

Your Score History

You have not taken this quiz